| 000 | 004350000a22001210004500 | ||
|---|---|---|---|
| 090 |
_aAS _bSeriadas |
||
| 245 | 1 | 0 | _aContribución al conocimiento de los líquenes de Colombia - I. clave genérica para los líquenes foliosos y fruticosos de los páramos colombianos |
| 041 | 0 | _aEspañol | |
| 700 | 1 |
_aAguirre C., Jaime _93749 |
|
| 100 | 1 |
_aSipman, Harrie J. M. _913911 |
|
| 942 | _cARTICULO | ||
| 773 | 1 |
_tCaldasia _345 _h64 _q603-634 _d1982 _g13 |
|
| 999 |
_c14911 _d14911 |
||